| 000 | 00478nam a2200157 i 4500 | ||
|---|---|---|---|
| 001 | 114419 | ||
| 003 | ES-MaACL | ||
| 005 | 20230906190143.0 | ||
| 007 | t| | ||
| 008 | 070227s1971 sp ||||1| spa d | ||
| 245 | 0 | 0 | _aCuaderno de prácticas de didáctica de física y química. |
| 260 |
_aGranada : _b[s.n., _c1971] |
||
| 300 |
_a67 p. ; _c30 cm. |
||
| 500 | _aPrecede al tit.: Cátedra de Física y Química, E. Normal "A. Manjón" | ||
| 852 |
_aES-MaACL _jC-41411 _bR.76910 |
||
| 999 |
_c114419 _d114419 |
||